[Event "Naleczow (Women) "]
[Site "Naleczow"]
[Date "1987.??.??"]
[Round "3"]
[White "Baumstark, Gertrude"]
[Black "Nika, Katerina"]
[Result "1/2-1/2"]
[WhiteElo "2225"]
[BlackElo "2065"]
[PlyCount "81"]
[EventDate "1987.07.??"]
[EventType "tourn"]
[EventRounds "11"]
[EventCountry "POL"]
[SourceTitle "EXT 2001"]
[Source "ChessBase"]
[SourceDate "2000.11.22"]
[SourceVersion "1"]
[SourceVersionDate "2000.11.22"]
[SourceQuality "1"]

1. e4 g6 2. d4 Bg7 3. Nc3 c6 4. Bc4 d6 5. Nf3 Nf6 6. a4 a5 7. 0-0 0-0 8. Qe2 Bg4 9. h3 Bxf3 10. Qxf3 Nfd7 11. Be3 Na6 12. Rfd1 Nb4 13. Bb3 Nb6 14. Ne2 d5 15. c3 dxe4 16. Qxe4 N4d5 17. Bg5 Qd7 18. c4 Nf6 19. Qe3 Nc8 20. Nc3 Nd6 21. d5 Nf5 22. Qc5 h6 23. Bf4 cxd5 24. cxd5 Rfc8 25. Qb5 Nd6 26. Qe2 Nh5 27. Bd2 Rc7 28. Rac1 Rac8 29. Nb5 Rxc1 30. Rxc1 Rxc1+ 31. Bxc1 Nxb5 32. axb5 Nf6 33. Qc4 Ne8 34. b6 Kh7 35. Ba4 Nd6 36. Qc2 Qf5 37. Qxf5 gxf5 38. Bd7 Bd4 39. b3 Bxb6 40. Ba3 Kg6 41. Bxd6 1/2-1/2

[Event "Halle (Women) 21th"]
[Site "Halle"]
[Date "1987.??.??"]
[Round "9"]
[White "Baumstark, Gertrude"]
[Black "Prudnikova, Svetlana"]
[Result "1/2-1/2"]
[WhiteElo "2225"]
[BlackElo "2095"]
[PlyCount "83"]
[EventDate "1987.10.??"]
[EventType "tourn"]
[EventRounds "11"]
[EventCountry "DDR"]
[SourceTitle "EXT 1997"]
[Source "ChessBase"]
[SourceDate "1996.11.15"]
[SourceVersion "1"]
[SourceVersionDate "1996.11.15"]
[SourceQuality "1"]

1. e4 c5 2. Nf3 Nc6 3. Bb5 g6 4. 0-0 Bg7 5. c3 Nf6 6. e5 Nd5 7. d4 cxd4 8. cxd4 0-0 9. Nc3 Nxc3 10. bxc3 d6 11. exd6 Qxd6 12. a4 Bg4 13. Ba3 Qf6 14. Bxc6 Qxc6 15. Ne5 Bxe5 16. Qxg4 Bf6 17. Rfc1 Rfd8 18. Bb2 Qc4 19. Re1 Rd5 20. Qe2 Rc8 21. Qxc4 Rxc4 22. Ra3 Ra5 23. Rea1 e5 24. dxe5 Rxe5 25. g3 Rec5 26. Rc1 Bg5 27. Rd1 Rc7 28. a5 Be7 29. Rb3 Bf6 30. Rd3 R4c5 31. Ra3 Rb5 32. Ra2 Rb3 33. Kg2 Kg7 34. h4 Rc5 35. a6 bxa6 36. Rd7 Rcb5 37. Bc1 a5 38. Rxa7 Bxc3 39. Be3 Rb2 40. Ra4 Rb7 41. R7xa5 Bxa5 42. Bd4+ 1/2-1/2